[Event "Modra Slovakia op"]
[Site "Modra"]
[Date "2024.03.05"]
[Round "8"]
[White "Gonda, Jozef"]
[Black "Kukla, Tomas"]
[Result "0-1"]
[WhiteElo "1657"]
[BlackElo "1864"]
[PlyCount "73"]
[EventDate "2024.03.01"]
[EventType "swiss"]
[EventRounds "9"]
[EventCountry "SVK"]
[SourceTitle "CB11_2024"]
[SourceDate "2024.03.13"]
[SourceVersion "1"]
[SourceVersionDate "2024.03.13"]
[SourceQuality "1"]

1. d4 d5 2. c4 c6 3. e3 Nf6 4. Nc3 e6 5. a3 dxc4 6. Bxc4 Bd6 7. b4 Nbd7 8. Nf3 b5 9. Ba2 a5 10. Qb3 a4 11. Qc2 Qc7 12. Bb2 Bb7 13. 0-0 Rc8 14. h3 Ng4 15. Ne4 h5 16. Nc5 Be7 17. Rac1 Ngf6 18. Bxe6 Ba8 19. Bxd7+ Nxd7 20. Nxd7 Qxd7 21. Ne5 Qe6 22. Nd3 c5 23. dxc5 Be4 24. f3 Bd5 25. e4 Bc4 26. Rfe1 Bh4 27. Nf2 0-0 28. Qc3 Qg6 29. f4 f5 30. e5 Bd5 31. g4 hxg4 32. hxg4 fxg4 33. Qe3 Qh5 34. Ne4 Bxe1 35. Rxe1 Rf5 36. Ng3 Qh3 37. Kf2 0-1

[Event "Modra Slovakia op"]
[Site "Modra"]
[Date "2024.03.04"]
[Round "7"]
[White "Rozboril, Alex"]
[Black "Gonda, Jozef"]
[Result "0-1"]
[WhiteElo "1563"]
[BlackElo "1657"]
[PlyCount "78"]
[EventDate "2024.03.01"]
[EventType "swiss"]
[EventRounds "9"]
[EventCountry "SVK"]
[SourceTitle "CB11_2024"]
[SourceDate "2024.03.13"]
[SourceVersion "1"]
[SourceVersionDate "2024.03.13"]
[SourceQuality "1"]

1. e4 c5 2. Nf3 d6 3. d4 cxd4 4. Nxd4 e6 5. Nc3 a6 6. g3 b5 7. a3 Bb7 8. Bg2 Qc7 9. 0-0 Nf6 10. Be3 Be7 11. Qd2 0-0 12. f4 Ng4 13. h3 Nxe3 14. Qxe3 Nd7 15. Rad1 Rac8 16. Rd2 Nb6 17. b3 Qxc3 18. Qxc3 Rxc3 19. Kh2 d5 20. e5 Bxa3 21. g4 Rfc8 22. f5 exf5 23. gxf5 Bc5 24. Nf3 d4 25. Nxd4 Bxg2 26. Kxg2 Bxd4 27. Rxd4 Rxc2+ 28. Kg3 h6 29. Kf4 R2c3 30. Rf3 Rxf3+ 31. Kxf3 Rc3+ 32. Kg4 Rxb3 33. f6 Rc3 34. Rd8+ Kh7 35. Rf8 Kg6 36. e6 fxe6 37. f7 Nd7 38. Ra8 Kxf7 39. Rxa6 Kf6 0-1

[Event "SVK-chT2C 2223"]
[Site "Slovakia"]
[Date "2023.02.11"]
[Round "8.7"]
[White "Bakalar, Jan"]
[Black "Gonda, Jozef"]
[Result "1/2-1/2"]
[WhiteElo "1833"]
[BlackElo "1722"]
[PlyCount "50"]
[EventDate "2022.10.08"]
[EventType "team-tourn"]
[EventRounds "11"]
[EventCountry "SVK"]
[SourceTitle "EXT 2024"]
[Source "ChessBase"]
[SourceDate "2023.10.10"]
[SourceVersion "1"]
[SourceVersionDate "2023.10.10"]
[SourceQuality "1"]
[WhiteTeam "Rajecke Teplice"]
[BlackTeam "Detva"]
[WhiteTeamCountry "SVK"]
[BlackTeamCountry "SVK"]

1. e4 c5 2. Nf3 d6 3. Bb5+ Bd7 4. Bxd7+ Nxd7 5. c3 e6 6. 0-0 Be7 7. d4 cxd4 8. cxd4 Ngf6 9. Nc3 0-0 10. h3 a6 11. Qd3 Rc8 12. b3 b5 13. Bb2 Nh5 14. g3 g6 15. Ne2 Qb6 16. Bc1 Rc7 17. Be3 Qb7 18. Nd2 Rfc8 19. Rfc1 Rxc1+ 20. Rxc1 Rxc1+ 21. Nxc1 Qc7 22. Ne2 d5 23. exd5 exd5 24. g4 Ng7 25. Nf4 Nb6 1/2-1/2

[Event "SVK-chT2C 2223"]
[Site "Slovakia"]
[Date "2023.01.15"]
[Round "7.8"]
[White "Badinka, Adam"]
[Black "Gonda, Jozef"]
[Result "1-0"]
[WhiteElo "1813"]
[BlackElo "1722"]
[PlyCount "131"]
[EventDate "2022.10.08"]
[EventType "team-tourn"]
[EventRounds "11"]
[EventCountry "SVK"]
[SourceTitle "EXT 2024"]
[Source "ChessBase"]
[SourceDate "2023.10.10"]
[SourceVersion "1"]
[SourceVersionDate "2023.10.10"]
[SourceQuality "1"]
[WhiteTeam "Filakovo"]
[BlackTeam "Detva"]
[WhiteTeamCountry "SVK"]
[BlackTeamCountry "SVK"]

1. e4 c5 2. Nf3 d6 3. c3 e6 4. d4 cxd4 5. cxd4 Nf6 6. Nc3 Be7 7. Bd3 0-0 8. 0-0 Nc6 9. Bf4 Nh5 10. Be3 Nf6 11. a3 b6 12. h3 Bb7 13. Qc2 g6 14. Rfd1 Rc8 15. Qe2 d5 16. e5 Ne8 17. Bh6 Ng7 18. Qe3 a6 19. Ne2 b5 20. b4 Qd7 21. g4 f5 22. exf6 Bxf6 23. g5 Be7 24. Re1 Nf5 25. Bxf5 Rxf5 26. Ng3 Rf7 27. Ne5 Nxe5 28. Qxe5 Rc6 29. Re3 Bf8 30. Rae1 Bxh6 31. gxh6 Bc8 32. h4 Qc7 33. Ne2 Qxe5 34. Rxe5 Rf5 35. Rxf5 gxf5 36. Nf4 Kf7 37. Nd3 Rc3 38. Ne5+ Kf6 39. Re3 Rc1+ 40. Kg2 f4 41. Rd3 Kf5 42. f3 Bb7 43. Rd2 Bc6 44. Kh2 Be8 45. Rg2 Bg6 46. Nd7 e5 47. Rg5+ Ke6 48. Nc5+ Kf7 49. Rxe5 Rc2+ 50. Kh3 Rc3 51. Kg4 Bc2 52. Rxd5 Rxa3 53. h5 a5 54. bxa5 Rxa5 55. Kxf4 b4 56. Rd7+ Ke8 57. Rb7 Kd8 58. Ke5 Ra1 59. Kf6 b3 60. Nxb3 Rf1 61. Nd2 Rf2 62. Nc4 Rxf3+ 63. Ke6 Bf5+ 64. Ke5 Bg4 65. Rxh7 Bxh5 66. Rg7 1-0

[Event "SVK-chT2C 2223"]
[Site "Slovakia"]
[Date "2022.11.27"]
[Round "6.6"]
[White "Gonda, Jozef"]
[Black "Fabian, Janos"]
[Result "1-0"]
[WhiteElo "1740"]
[BlackElo "1721"]
[PlyCount "136"]
[EventDate "2022.10.08"]
[EventType "team-tourn"]
[EventRounds "11"]
[EventCountry "SVK"]
[SourceTitle "EXT 2024"]
[Source "ChessBase"]
[SourceDate "2023.10.10"]
[SourceVersion "1"]
[SourceVersionDate "2023.10.10"]
[SourceQuality "1"]
[WhiteTeam "Detva"]
[BlackTeam "Vinica"]
[WhiteTeamCountry "SVK"]
[BlackTeamCountry "SVK"]

1. d4 d5 2. c4 e6 3. e3 Nf6 4. Nf3 c6 5. Nc3 Nbd7 6. Bd3 dxc4 7. Bxc4 Nb6 8. Bd3 Bd6 9. 0-0 Nbd7 10. e4 e5 11. Bg5 Qb6 12. Bxf6 gxf6 13. Na4 Qa5 14. Nc3 exd4 15. Nxd4 Ne5 16. Nf5 Bxf5 17. exf5 0-0-0 18. Bc2 h5 19. Qe2 Qc7 20. Ne4 Be7 21. Rad1 Rdg8 22. Qe3 Kb8 23. a3 h4 24. f4 Ng4 25. Qc3 Qb6+ 26. Qd4 Ne3 27. Qxb6 axb6 28. Bb3 Rxg2+ 29. Kh1 Rxb2 30. Bxf7 Nxf1 31. Rxf1 Re2 32. Nf2 Bxa3 33. Bc4 Re3 34. Ng4 Rc3 35. Be6 Rf8 36. Rd1 h3 37. Nf2 Bc5 38. Ne4 Rf3 39. Ng3 Rxf4 40. Ne2 Rf2 41. Ng3 Ra2 42. Bxa2 Kc7 43. Be6 b5 44. Ne4 Ba3 45. Rd3 Bb2 46. Rxh3 Kb6 47. Kg2 c5 48. Rh7 Kc6 49. h4 c4 50. Kf3 Be5 51. h5 c3 52. Bb3 Kb6 53. h6 Rc8 54. Rf7 c2 55. Bxc2 Rxc2 56. h7 Rh2 57. Nxf6 Bxf6 58. Rxf6+ Kc5 59. Rg6 b6 60. Kg3 Rh1 61. Rg7 Rh6 62. f6 Kd6 63. Rb7 Kc6 64. Rg7 Kd6 65. f7 Ke7 66. h8Q Rxh8 67. Rg8 Rh3+ 68. Kxh3 Kxf7 1-0

[Event "SVK-chT2C 2223"]
[Site "Slovakia"]
[Date "2022.11.26"]
[Round "5.4"]
[White "Miklas, Marian"]
[Black "Gonda, Jozef"]
[Result "1/2-1/2"]
[WhiteElo "1999"]
[BlackElo "1740"]
[PlyCount "104"]
[EventDate "2022.10.08"]
[EventType "team-tourn"]
[EventRounds "11"]
[EventCountry "SVK"]
[SourceTitle "EXT 2024"]
[Source "ChessBase"]
[SourceDate "2023.10.10"]
[SourceVersion "1"]
[SourceVersionDate "2023.10.10"]
[SourceQuality "1"]
[WhiteTeam "Banska Bystrica Kurta"]
[BlackTeam "Detva"]
[WhiteTeamCountry "SVK"]
[BlackTeamCountry "SVK"]

1. Nf3 d5 2. e3 e6 3. c4 c6 4. Nc3 Nf6 5. d4 Be7 6. Bd3 0-0 7. 0-0 Nbd7 8. Bd2 g6 9. Rc1 dxc4 10. Bxc4 b5 11. Bb3 Bb7 12. a3 a6 13. Qe2 c5 14. Rfd1 Rc8 15. dxc5 Nxc5 16. Bc2 Nce4 17. Nxe4 Nxe4 18. Bb4 Qe8 19. Bxe4 Rxc1 20. Bxb7 Rxd1+ 21. Qxd1 Bxb4 22. axb4 Qe7 23. Be4 Qxb4 24. Qc2 Rd8 25. g3 a5 26. Kg2 Qd6 27. Nd4 Qb6 28. Nc6 Rf8 29. Qd3 b4 30. Qd6 Qb5 31. Qd4 Re8 32. Qd7 Kf8 33. Qd4 Kg8 34. Ne5 Qb8 35. Ng4 e5 36. Nf6+ Kh8 37. Qd7 Rf8 38. Qe7 Qd8 39. Qxe5 a4 40. Nd5+ f6 41. Qd4 a3 42. bxa3 bxa3 43. Qa1 Qd6 44. Nc3 Rf7 45. Qa2 Kg7 46. Nb5 Qe5 47. Bd5 Rd7 48. Be6 Rd3 49. Nd4 Rc3 50. Bd5 Qb8 51. Bb3 Qa8+ 52. Bd5 Qb8 1/2-1/2

[Event "SVK-chT2C 2223"]
[Site "Slovakia"]
[Date "2022.11.13"]
[Round "4.8"]
[White "Gonda, Jozef"]
[Black "Carnecky, Michal"]
[Result "1-0"]
[WhiteElo "1730"]
[BlackElo "1371"]
[PlyCount "99"]
[EventDate "2022.10.08"]
[EventType "team-tourn"]
[EventRounds "11"]
[EventCountry "SVK"]
[SourceTitle "EXT 2024"]
[Source "ChessBase"]
[SourceDate "2023.10.10"]
[SourceVersion "1"]
[SourceVersionDate "2023.10.10"]
[SourceQuality "1"]
[WhiteTeam "Detva"]
[BlackTeam "Zilina Mladost III"]
[WhiteTeamCountry "SVK"]
[BlackTeamCountry "SVK"]

1. d4 d5 2. c4 Nf6 3. e3 e6 4. Nf3 h6 5. Bd3 Nc6 6. a3 Be7 7. Nc3 Bd7 8. 0-0 a6 9. Re1 b6 10. e4 dxe4 11. Nxe4 Bc8 12. Nxf6+ Bxf6 13. Be4 Qd6 14. Be3 Rb8 15. Rc1 Bb7 16. b4 Ne7 17. Bxb7 Rxb7 18. Qa4+ b5 19. cxb5 Rxb5 20. Rc5 Qb6 21. Rec1 Nd5 22. Rc6 Qb7 23. Qxa6 Qxa6 24. Rxa6 0-0 25. g3 Rfb8 26. Kg2 Kh7 27. Nd2 R8b7 28. Ne4 Be7 29. Nc3 Nxc3 30. Rxc3 Bd6 31. Rcc6 Rd5 32. Ra8 Kg6 33. Rca6 Be7 34. Ra5 Rbb5 35. Rxb5 Rxb5 36. Ra5 Rd5 37. Rxd5 exd5 38. Bf4 c6 39. Bc7 Kf6 40. Bb6 Ke6 41. Bc5 Bxc5 42. bxc5 Kd7 43. Kf3 Kc7 44. Kf4 Kb7 45. Ke5 Ka6 46. Kd6 Kb5 47. a4+ Kc4 48. Kxc6 Kxd4 49. a5 Kc4 50. a6 1-0

[Event "SVK-chT2C 2122"]
[Site "Slovakia"]
[Date "2022.03.26"]
[Round "8.7"]
[White "Gonda, Jozef"]
[Black "Simo, Lubomir"]
[Result "1-0"]
[WhiteElo "1754"]
[BlackElo "1806"]
[PlyCount "55"]
[EventDate "2021.10.16"]
[EventType "team-tourn"]
[EventRounds "11"]
[EventCountry "SVK"]
[SourceTitle "EXT 2023"]
[Source "ChessBase"]
[SourceDate "2022.10.05"]
[SourceVersion "1"]
[SourceVersionDate "2022.10.05"]
[SourceQuality "1"]
[WhiteTeam "Detva"]
[BlackTeam "Dunajov III"]
[WhiteTeamCountry "SVK"]
[BlackTeamCountry "SVK"]

1. d4 Nf6 2. c4 e5 3. dxe5 Ng4 4. Nf3 Bc5 5. e3 Nc6 6. a3 a5 7. Nc3 Ncxe5 8. h3 Nxf3+ 9. Qxf3 Nf6 10. Bd3 d6 11. Ne4 Nxe4 12. Bxe4 c6 13. Bd2 Be6 14. Bc3 f6 15. Qe2 Qb6 16. 0-0 Qb3 17. Bd3 d5 18. cxd5 Qxd5 19. Rad1 Qg5 20. Qf3 0-0 21. Qe4 Kf7 22. Bc4 Bxc4 23. Qxc4+ Kg6 24. Rd7 b5 25. Qd3+ Kh6 26. Bd2 f5 27. Qc2 f4 28. exf4 1-0

[Event "SVK-chT2C 2122"]
[Site "Slovakia"]
[Date "2022.02.06"]
[Round "4.7"]
[White "Gonda, Jozef"]
[Black "Kralik, Matej"]
[Result "1/2-1/2"]
[WhiteElo "1754"]
[BlackElo "1717"]
[PlyCount "70"]
[EventDate "2021.10.16"]
[EventType "team-tourn"]
[EventRounds "11"]
[EventCountry "SVK"]
[SourceTitle "EXT 2023"]
[Source "ChessBase"]
[SourceDate "2022.10.05"]
[SourceVersion "1"]
[SourceVersionDate "2022.10.05"]
[SourceQuality "1"]
[WhiteTeam "Detva"]
[BlackTeam "Kysucke Nove Mesto"]
[WhiteTeamCountry "SVK"]
[BlackTeamCountry "SVK"]

1. d4 d5 2. c4 e6 3. e3 Nf6 4. Nf3 Be7 5. Nc3 0-0 6. Bd3 c5 7. 0-0 Nc6 8. dxc5 Bxc5 9. a3 d4 10. exd4 Bxd4 11. Nb5 Bb6 12. Bg5 a6 13. Nc3 h6 14. Bh4 Bd4 15. Qc2 Ne5 16. Nxe5 Bxe5 17. Ne4 Qd4 18. Bxf6 Bxf6 19. Rab1 Rd8 20. Rfd1 Qe5 21. Nxf6+ Qxf6 22. Bh7+ Kh8 23. Rxd8+ Qxd8 24. Be4 Qc7 25. Qe2 Rb8 26. b4 b6 27. Rc1 a5 28. Qe3 Bb7 29. g3 Bxe4 30. Qxe4 axb4 31. axb4 Qd6 32. Qe1 Rd8 33. Qc3 Qc6 34. Qe3 Kg8 35. Qe5 Kf8 1/2-1/2

[Event "SVK-chT2C 2122"]
[Site "Slovakia"]
[Date "2022.02.05"]
[Round "3.6"]
[White "Gonda, Jozef"]
[Black "Durian, Jozef"]
[Result "1/2-1/2"]
[WhiteElo "1754"]
[BlackElo "1775"]
[PlyCount "168"]
[EventDate "2021.10.16"]
[EventType "team-tourn"]
[EventRounds "11"]
[EventCountry "SVK"]
[SourceTitle "EXT 2023"]
[Source "ChessBase"]
[SourceDate "2022.10.05"]
[SourceVersion "1"]
[SourceVersionDate "2022.10.05"]
[SourceQuality "1"]
[WhiteTeam "Detva"]
[BlackTeam "Rajecke Teplice"]
[WhiteTeamCountry "SVK"]
[BlackTeamCountry "SVK"]

1. d4 Nf6 2. c4 e6 3. Nf3 d5 4. e3 Be7 5. Nc3 0-0 6. Bd3 Nbd7 7. 0-0 c6 8. Qc2 h6 9. a3 dxc4 10. Bxc4 b5 11. Ba2 Bb7 12. e4 Re8 13. e5 Nd5 14. Bb1 Nf8 15. Re1 Qb6 16. Ne4 b4 17. Nc5 Red8 18. Bd2 a5 19. Qc1 Rdb8 20. Re4 f5 21. exf6 Nxf6 22. Re1 Bxc5 23. dxc5 Qd8 24. axb4 axb4 25. Rxa8 Rxa8 26. Bxb4 Ba6 27. Bc3 Nd5 28. Be5 Bc8 29. Qc2 Qe8 30. Bd6 Nf6 31. Ne5 Bd7 32. Bxf8 Qxf8 33. Nxd7 Nxd7 34. Rxe6 Qxc5 35. Qh7+ Kf7 36. Qg6+ Kg8 37. Re1 Nf6 38. Qd3 Qb4 39. Qc3 Qd6 40. h3 Rd8 41. Ba2+ Kh8 42. Bc4 Qf4 43. b3 Ne4 44. Qe3 Qxe3 45. Rxe3 Rd1+ 46. Kh2 Nxf2 47. Re8+ Kh7 48. Bg8+ Kg6 49. Re6+ Kf5 50. Rxc6 Rh1+ 51. Kg3 Ne4+ 52. Kf3 Rf1+ 53. Ke3 Re1+ 54. Kd3 Rd1+ 55. Kc4 Nd6+ 56. Kb4 Ke5 57. Rc5+ Kf4 58. Rd5 Rxd5 59. Bxd5 g5 60. Kc5 Ke5 61. Bf3 Ke6 62. b4 Kd7 63. b5 Kc7 64. Bc6 Nc8 65. Kd5 h5 66. Ke5 g4 67. Kf4 gxh3 68. gxh3 Kd6 69. Kg5 Ke6 70. Kxh5 Kf6 71. Kg4 Nb6 72. Kf4 Na4 73. Ke4 Ke6 74. Kd4 Kd6 75. h4 Nb6 76. h5 Ke6 77. h6 Kf6 78. h7 Kg7 79. h8Q+ Kxh8 80. Kc5 Na4+ 81. Kd6 Kg7 82. Kc7 Nb2 83. b6 Nd3 84. b7 Nc5 1/2-1/2

[Event "SVK-ch op"]
[Site "Banska Stiavnica"]
[Date "2013.07.11"]
[Round "6"]
[White "Zicho, Tony"]
[Black "Gonda, Jozef"]
[Result "0-1"]
[WhiteElo "1618"]
[BlackElo "1808"]
[PlyCount "58"]
[EventDate "2013.07.06"]
[EventType "swiss"]
[EventRounds "9"]
[EventCountry "SVK"]
[SourceTitle "CBM 155 Extra"]
[Source "ChessBase"]
[SourceDate "2013.08.26"]
[SourceVersion "1"]
[SourceVersionDate "2013.08.26"]
[SourceQuality "1"]

1. e4 c5 2. Nf3 d6 3. d4 cxd4 4. Nxd4 g6 5. Nc3 Bg7 6. Be3 Nf6 7. Be2 0-0 8. 0-0 Nc6 9. a3 Bd7 10. f3 a6 11. Bc4 Rc8 12. Ba2 Ne5 13. Qe2 b5 14. Nd1 Nc4 15. Bf2 Nh5 16. c3 e5 17. Nc2 Nf4 18. Qe1 Nd3 19. Qe2 Ndxb2 20. Nb4 Nxd1 21. Rfxd1 a5 22. Bxc4 axb4 23. Bxb5 Bxb5 24. Qxb5 bxc3 25. Qd5 c2 26. Rdc1 Bh6 27. Re1 c1Q 28. Rexc1 Rxc1+ 29. Rxc1 Bxc1 0-1

[Event "SVK-ch op"]
[Site "Banska Stiavnica"]
[Date "2013.07.08"]
[Round "3"]
[White "Gonda, Jozef"]
[Black "Mondrzycki, Bartlomiej"]
[Result "0-1"]
[WhiteElo "1808"]
[BlackElo "2099"]
[PlyCount "90"]
[EventDate "2013.07.06"]
[EventType "swiss"]
[EventRounds "9"]
[EventCountry "SVK"]
[SourceTitle "CBM 155 Extra"]
[Source "ChessBase"]
[SourceDate "2013.08.26"]
[SourceVersion "1"]
[SourceVersionDate "2013.08.26"]
[SourceQuality "1"]

1. d4 Nf6 2. Nf3 e6 3. Bg5 h6 4. Bh4 b6 5. e3 Bb7 6. Nbd2 d6 7. c3 Nbd7 8. Be2 Qe7 9. 0-0 g5 10. Bg3 Bg7 11. a4 a5 12. Rc1 Nh5 13. e4 Nxg3 14. hxg3 h5 15. Bb5 g4 16. Nh4 Bf6 17. e5 dxe5 18. Bxd7+ Qxd7 19. dxe5 Bxh4 20. gxh4 Qd5 21. f3 0-0-0 22. Rf2 gxf3 23. Qxf3 Qxe5 24. Qe2 Qd5 25. b4 Rhg8 26. c4 Rxg2+ 27. Rxg2 Qxg2+ 28. Qxg2 Bxg2 29. bxa5 Rxd2 30. axb6 cxb6 31. c5 Kc7 32. cxb6+ Kxb6 33. Rb1+ Kc6 34. a5 Bd5 35. Rb6+ Kc5 36. Rb8 Ra2 37. Rh8 Bf3 38. Rh7 f5 39. Re7 Kd5 40. Ra7 Ke4 41. Rb7 Rxa5 42. Rb4+ Ke3 43. Rb3+ Kf4 44. Kf2 Ra2+ 45. Ke1 e5 0-1

[Event "SVK-ch op"]
[Site "Banska Stiavnica"]
[Date "2013.07.06"]
[Round "1"]
[White "Gonda, Jozef"]
[Black "Hros, Roman"]
[Result "0-1"]
[WhiteElo "1808"]
[BlackElo "1982"]
[PlyCount "120"]
[EventDate "2013.07.06"]
[EventType "swiss"]
[EventRounds "9"]
[EventCountry "SVK"]
[SourceTitle "CBM 155 Extra"]
[Source "ChessBase"]
[SourceDate "2013.08.26"]
[SourceVersion "1"]
[SourceVersionDate "2013.08.26"]
[SourceQuality "1"]

1. d4 Nf6 2. Nf3 g6 3. Bf4 d6 4. g3 Bg7 5. c3 0-0 6. Bg2 c6 7. 0-0 Re8 8. Re1 Nbd7 9. Qc1 e5 10. dxe5 dxe5 11. Bh6 Bxh6 12. Qxh6 Qb6 13. Qc1 e4 14. Nd4 Ne5 15. h3 Kg7 16. a4 c5 17. a5 Qc7 18. Nc2 a6 19. Ne3 Be6 20. c4 Rad8 21. b3 Nc6 22. Qb2 Qe5 23. Nc3 h5 24. Red1 Rxd1+ 25. Nexd1 Rd8 26. Ne3 Rd4 27. Qb1 Rd2 28. Qc1 Rd8 29. Qe1 Nd4 30. Rb1 Rd6 31. Na4 Nd7 32. Nc3 f5 33. Ned5 Bxd5 34. Nxd5 Nf6 35. Nxf6 Kxf6 36. Kf1 g5 37. Qc1 f4 38. gxf4 gxf4 39. Qb2 Nc6 40. Qxe5+ Kxe5 41. Ke1 Nxa5 42. e3 f3 43. Bf1 Nc6 44. h4 Nb4 45. Rc1 Nd3+ 46. Bxd3 Rxd3 47. Rb1 a5 48. Kf1 Kf5 49. Kg1 Kg4 50. Rb2 Kh3 51. Rb1 Kxh4 52. Kh2 Rd2 53. Kg1 Kg4 54. Rf1 h4 55. Kh2 Rb2 56. Rg1+ Kf5 57. Rf1 Rxb3 58. Kh3 Rc3 59. Kxh4 Rxc4 60. Kg3 a4 0-1

[Event "SVK-chT2C 1213"]
[Site "Slovakia"]
[Date "2013.02.17"]
[Round "9.5"]
[White "Gonda, Jozef"]
[Black "Sventek, Anton"]
[Result "1/2-1/2"]
[WhiteElo "1819"]
[BlackElo "2098"]
[PlyCount "45"]
[EventDate "2012.10.13"]
[EventType "team-tourn"]
[EventRounds "11"]
[EventCountry "SVK"]
[SourceTitle "EXT 2015"]
[Source "ChessBase"]
[SourceDate "2014.11.20"]
[SourceVersion "1"]
[SourceVersionDate "2014.11.20"]
[SourceQuality "1"]
[WhiteTeam "Detva Garde"]
[BlackTeam "Cadca Caissa II"]
[WhiteTeamCountry "SVK"]
[BlackTeamCountry "SVK"]

1. d4 Nf6 2. g3 g6 3. Bg2 Bg7 4. c4 d6 5. Nc3 0-0 6. Nf3 Na6 7. 0-0 c5 8. d5 Rb8 9. Re1 Nc7 10. e4 Bg4 11. Qc2 Bxf3 12. Bxf3 Nd7 13. Rb1 b5 14. Nxb5 Nxb5 15. cxb5 Rxb5 16. Be2 Rb7 17. b3 Qc7 18. Bb2 Rfb8 19. Bxg7 Kxg7 20. Kg2 a5 21. h4 h5 22. f4 Qb6 23. Bf3 1/2-1/2

[Event "SVK-chT2C 1213"]
[Site "Slovakia"]
[Date "2012.12.16"]
[Round "6.5"]
[White "Ilkovic, Frantisek"]
[Black "Gonda, Jozef"]
[Result "1-0"]
[WhiteElo "2018"]
[BlackElo "1819"]
[PlyCount "95"]
[EventDate "2012.10.13"]
[EventType "team-tourn"]
[EventRounds "11"]
[EventCountry "SVK"]
[SourceTitle "EXT 2015"]
[Source "ChessBase"]
[SourceDate "2014.11.20"]
[SourceVersion "1"]
[SourceVersionDate "2014.11.20"]
[SourceQuality "1"]
[WhiteTeam "Zvolen Slavia"]
[BlackTeam "Detva Garde"]
[WhiteTeamCountry "SVK"]
[BlackTeamCountry "SVK"]

1. e4 c5 2. f4 Nc6 3. Nf3 e6 4. Bb5 Nge7 5. 0-0 g6 6. c3 Bg7 7. Na3 0-0 8. d3 a6 9. Bxc6 Nxc6 10. Qe2 b5 11. Nc2 Bb7 12. Be3 d6 13. Bf2 b4 14. e5 a5 15. Rad1 Qc7 16. Rfe1 a4 17. h3 Rfe8 18. Bh4 bxc3 19. bxc3 dxe5 20. fxe5 Ne7 21. Na3 Nf5 22. Bf2 Qc6 23. Rb1 Ba6 24. c4 Rab8 25. Qd2 Rxb1 26. Rxb1 Qc7 27. Nb5 Qc8 28. Qc2 Bxb5 29. Rxb5 Bh6 30. Qe2 Bf8 31. g4 Ng7 32. Qe4 h5 33. Bh4 Be7 34. Bf2 hxg4 35. hxg4 Rd8 36. Be3 a3 37. Rb3 Qd7 38. Rxa3 Rb8 39. Ra5 Ne8 40. Ra3 Qd8 41. Ra7 Rb2 42. Ra3 Rb1+ 43. Kg2 Qb8 44. Nd2 Nc7 45. Nxb1 Qxb1 46. Ra7 Bh4 47. Qf3 Qb2+ 48. Kh3 1-0

[Event "SVK-chT2C 1213"]
[Site "Slovakia"]
[Date "2012.12.01"]
[Round "3.4"]
[White "Pekar, Karol"]
[Black "Gonda, Jozef"]
[Result "1-0"]
[WhiteElo "2104"]
[BlackElo "1819"]
[PlyCount "86"]
[EventDate "2012.10.13"]
[EventType "team-tourn"]
[EventRounds "11"]
[EventCountry "SVK"]
[SourceTitle "EXT 2015"]
[Source "ChessBase"]
[SourceDate "2014.11.20"]
[SourceVersion "1"]
[SourceVersionDate "2014.11.20"]
[SourceQuality "1"]
[WhiteTeam "Liptov Chess School II"]
[BlackTeam "Detva Garde"]
[WhiteTeamCountry "SVK"]
[BlackTeamCountry "SVK"]

1. d4 d5 2. Nc3 e6 3. e4 dxe4 4. Nxe4 Nf6 5. Bg5 Be7 6. Bxf6 Bxf6 7. Nf3 0-0 8. Qd2 a5 9. c3 b6 10. Bd3 Nd7 11. Qf4 a4 12. 0-0 Bb7 13. Rad1 Ra5 14. Rfe1 g6 15. Bc2 Bg7 16. Ne5 Bxe4 17. Qxe4 Nxe5 18. dxe5 Qa8 19. f4 a3 20. Qxa8 Raxa8 21. b4 Rfd8 22. Be4 Rab8 23. Bc6 Bf8 24. Kf2 Be7 25. Ke3 Kg7 26. Ke4 Rxd1 27. Rxd1 Rd8 28. Rxd8 Bxd8 29. Kd4 f6 30. g3 h6 31. Kc4 g5 32. Kb3 gxf4 33. gxf4 fxe5 34. fxe5 Bg5 35. Kxa3 Bf4 36. h3 Bxe5 37. Kb3 Kf7 38. a4 Bg7 39. Kc4 Ke7 40. Kb5 Bf8 41. c4 Kd6 42. a5 bxa5 43. c5+ Ke5 1-0

[Event "SVK-chT2C 1112"]
[Site "Slovakia"]
[Date "2012.02.26"]
[Round "11.4"]
[White "Bakalar, Jan"]
[Black "Gonda, Jozef"]
[Result "1-0"]
[WhiteElo "2017"]
[BlackElo "1781"]
[PlyCount "97"]
[EventDate "2011.10.08"]
[EventType "team-tourn"]
[EventRounds "11"]
[EventCountry "SVK"]
[SourceTitle "EXT 2013"]
[Source "ChessBase"]
[SourceDate "2012.11.22"]
[SourceVersion "1"]
[SourceVersionDate "2012.11.22"]
[SourceQuality "1"]
[WhiteTeam "Dunajov II"]
[BlackTeam "Podpolanie Hrinova"]
[WhiteTeamCountry "SVK"]
[BlackTeamCountry "SVK"]

1. e4 c5 2. Nf3 Nc6 3. Bb5 d6 4. d4 cxd4 5. Qxd4 Bd7 6. Bxc6 Bxc6 7. Nc3 Nf6 8. Bg5 e5 9. Qd3 Be7 10. 0-0-0 0-0 11. Bxf6 gxf6 12. Nh4 Kh8 13. Nf5 Rg8 14. Qh3 Qf8 15. Nd5 Bd8 16. Rhe1 Bd7 17. Nde3 Be6 18. Kb1 Bb6 19. Qh4 Rg5 20. g4 Bc5 21. Nd5 Rc8 22. Nxf6 Rg7 23. Nxg7 Qxg7 24. f3 b5 25. Nh5 Qg6 26. Qf6+ Qxf6 27. Nxf6 Kg7 28. Nd5 a5 29. Re2 b4 30. Ne7 Rd8 31. Nf5+ Kf8 32. Red2 Bxf5 33. gxf5 Ke7 34. Rg2 a4 35. Rd3 Bd4 36. a3 Rb8 37. axb4 h5 38. c3 Bb6 39. Kc2 h4 40. h3 Ra8 41. Rd1 Be3 42. Rd5 a3 43. bxa3 Rxa3 44. Ra5 Rxa5 45. bxa5 Kf6 46. a6 d5 47. Rg4 dxe4 48. fxe4 Bf2 49. Rxh4 1-0

[Event "SVK-chT2C 1112"]
[Site "Slovakia"]
[Date "2012.02.25"]
[Round "10.5"]
[White "Straka, Jozef"]
[Black "Gonda, Jozef"]
[Result "1-0"]
[WhiteElo "1993"]
[BlackElo "1781"]
[PlyCount "77"]
[EventDate "2011.10.08"]
[EventType "team-tourn"]
[EventRounds "11"]
[EventCountry "SVK"]
[SourceTitle "EXT 2013"]
[Source "ChessBase"]
[SourceDate "2012.11.22"]
[SourceVersion "1"]
[SourceVersionDate "2012.11.22"]
[SourceQuality "1"]
[WhiteTeam "Cadca II"]
[BlackTeam "Podpolanie Hrinova"]
[WhiteTeamCountry "SVK"]
[BlackTeamCountry "SVK"]

1. d4 c6 2. c4 d5 3. Nc3 Nf6 4. Nf3 e6 5. e3 Be7 6. Bd3 dxc4 7. Bxc4 Nbd7 8. 0-0 0-0 9. Qc2 a6 10. Bd3 g6 11. a3 b5 12. Rd1 Bb7 13. b3 Qc7 14. b4 Rac8 15. Bb2 Rfe8 16. Ng5 Ng4 17. Nf3 e5 18. h3 exd4 19. exd4 Ngf6 20. Qd2 c5 21. bxc5 Bxf3 22. gxf3 Nh5 23. Nd5 Qd8 24. Nxe7+ Qxe7 25. Re1 Qh4 26. Rxe8+ Rxe8 27. Bf1 Nf4 28. Re1 Rxe1 29. Qxe1 Nxh3+ 30. Bxh3 Qxh3 31. Qe8+ Kg7 32. Qe4 Kf8 33. c6 Nf6 34. Qe5 Ne8 35. Bc3 f6 36. Bb4+ Kg7 37. Qxe8 Kh6 38. Qe4 Qh5 39. Bf8+ 1-0